| 000 | 00933cam a2200301 a 4500 | ||
|---|---|---|---|
| 001 | 14246672 | ||
| 003 | ARRUPE | ||
| 005 | 20161129120209.0 | ||
| 008 | 060130s2003 rh a 001 0deng d | ||
| 010 | _a 2006305047 | ||
| 020 | _z1779051388 | ||
| 035 | _a(CStRLIN)CSUGA5814639-B | ||
| 035 | _a(CSt)(Sirsi)a5814639 | ||
| 040 |
_aCSt _cCSt _dDLC |
||
| 042 |
_alccopycat _alcode |
||
| 043 | _af-rh--- | ||
| 050 | 0 | 0 |
_aML3503.Z55 _bZ56 2003 |
| 100 | 1 |
_aZindi, Fred. _927457 |
|
| 245 | 1 | 0 |
_aMusic workbook : _bZimbabwe versus the world / _cFred Zindi. |
| 246 | 1 | 4 | _aPop-music workbook |
| 260 |
_aHarare, Zimbabwe : _bZindisc Publications, _c2003. |
||
| 300 |
_a169 p. : _bill. ; _c21 cm. |
||
| 500 | _aIncludes index. | ||
| 650 | 0 |
_aMusic _zZimbabwe _927698 |
|
| 906 |
_a7 _bcbc _ccopycat _d3 _encip _f20 _gy-gencatlg |
||
| 942 |
_2lcc _cMONOGRAPH |
||
| 999 |
_c125811 _d125811 |
||